000 01961cam a2200433 i 4500
003 EG-GICUC
005 20260122125205.0
008 060717s2006 enk frb 001 0 eng d
015 _aGBA664637
_2bnb
016 7 _a013517185
_2Uk
020 _a0521867975
_qhbk.
020 _a9780521867979
_qhbk.
040 _aDLC
_cDLC
_dBAKER
_dBWKUK
_dYDXCP
_dUKM
_dYDX
_dWLL
_dDLC
_dEG-GICUC
_beng
_erda
050 0 0 _aK3791
_b.O38 2006
082 0 0 _a341.6
_221
092 0 4 _221
099 _aLaw 11 2006
100 1 _aO'Keefe, Roger,
_d1968-
245 1 4 _aThe protection of cultural property in armed conflict /
_cRoger O'Keefe.
264 _aCambridge, UK ;
_aNew York :
_bCambridge University Press,
_c2006.
300 _axix, 404 pages ;
_c24 cm.
336 _atext
_2rdacontent
337 _aComputer
_2rdamedia
338 _aOnline Resource
_2rdacarrier
490 1 _aCambridge studies in international and comparative law
504 _aIncludes bibliographical references (p. 362-391) and index.
505 0 _aFrom the high Renaissance to the Hague Rules -- 1914 to 1954 -- The 1954 Hague Convention and the First Hague Protocol -- The 1977 Additional Protocols -- The 1999 Second Hague Protocol -- Other relevant bodies of law.
650 0 _aCultural property
_xProtection (International law)
650 0 _aWar (International law)
650 0 _aArt treasures in war.
650 0 _aArt thefts
_xLaw and legislation.
830 0 _aCambridge studies in international and comparative law (Cambridge, England : 1996)
856 4 2 _uhttps://fll.law.cu.edu.eg/fulltext/bks/ENGB11-00095.pdf
856 4 2 _3Publisher description
_uhttp://www.loc.gov/catdir/enhancements/fy0664/2006023549-d.html
856 4 1 _3Table of contents only
_uhttp://www.loc.gov/catdir/enhancements/fy0664/2006023549-t.html
856 4 2 _3Contributor biographical information
_uhttp://www.loc.gov/catdir/enhancements/fy0733/2006023549-b.html
905 _a10
942 _2ddc
_cBK
_e21
_n0
999 _c58651
_d58651